The future of the global real estate market (Record no. 107354)
[ view plain ]
| 000 -LEADER | |
|---|---|
| fixed length control field | 01160cad a22002295a 4500 |
| 001 - CONTROL NUMBER | |
| control field | L139814 |
| 008 - FIXED-LENGTH DATA ELEMENTS--GENERAL INFORMATION | |
| fixed length control field | 070812s2007 xxkd f s 000 0 eng d |
| 035 ## - SYSTEM CONTROL NUMBER | |
| System control number | (Sirsi) u139814 |
| 041 0# - LANGUAGE CODE | |
| Language code of text/sound track or separate title | eng |
| 050 04 - LIBRARY OF CONGRESS CALL NUMBER | |
| Classification number | 333.33 $2 18 |
| 100 1# - MAIN ENTRY--PERSONAL NAME | |
| Personal name | Hobbs, Peter |
| 245 04 - TITLE STATEMENT | |
| Title | The future of the global real estate market |
| Remainder of title | July 2007 |
| Medium | [electronic resource] |
| 260 ## - PUBLICATION, DISTRIBUTION, ETC. | |
| Place of publication, distribution, etc. | London |
| Name of publisher, distributor, etc. | RREEF |
| Date of publication, distribution, etc. | 2007 |
| 520 ## - SUMMARY, ETC. | |
| Summary, etc. | Estimates the current value of the global real estate market and examines how the market may change over the next five years. Predicts the value of global invested markets will grow by 40% over the next five years, from US$9.8 trillion in 2006 to US$13.7 trillion in 2011. This represents slower growth than in recent years and there will be significant variations from country to country in terms of the nature of growth and when it will occur. |
| 590 ## - LOCAL NOTE (RLIN) | |
| Local note | KA NTK |
| 651 #4 - SUBJECT ADDED ENTRY--GEOGRAPHIC NAME | |
| Geographic name | International |
| 690 ## - LOCAL SUBJECT ADDED ENTRY--TOPICAL TERM (OCLC, RLIN) | |
| Topical term or geographic name as entry element | PROPERTY-COMMERCIAL PROPERTY-COMMERCIAL PROPERTY MARKET |
| 700 1# - ADDED ENTRY--PERSONAL NAME | |
| Personal name | Chin, Henry |
| 710 1# - ADDED ENTRY--CORPORATE NAME | |
| Corporate name or jurisdiction name as entry element | Deutsche Bank |
| Subordinate unit | RREEF |
| -- | Real Estate Research |
| 9 (RLIN) | 5322 |
| 856 40 - ELECTRONIC LOCATION AND ACCESS | |
| Uniform Resource Identifier | <a href="https://www.rreef.com">https://www.rreef.com</a> |
| Public note | View the report free of charge at www.rreef.com... |
| 942 ## - ADDED ENTRY ELEMENTS (KOHA) | |
| Suppress in OPAC | 0 |
| Withdrawn status | Lost status | Source of classification or shelving scheme | Damaged status | Not for loan | Home library | Current library | Shelving location | Date acquired | Total Checkouts | Full call number | Barcode | Date last seen | Copy number | Price effective from | Koha item type |
|---|---|---|---|---|---|---|---|---|---|---|---|---|---|---|---|
| Dewey Decimal Classification | Virtual | Virtual | Online | 12/08/2007 | ONLINE PUBLICATION | 139814-2001 | 06/08/2019 | 1 | 06/08/2019 | Book |